00658nam a2200193Ia 4500008004100000100001600041245007800057245005300135260003000188260000900218300002400227440005100251650002100302650001600323650001800339650001600357999001900373952007200392190427s9999 xx 000 0 und d aJones, Kiku aDesire skills of entry level IS position: Identification and Assessment / cKiku Jones, Loru N. K. Leonard and Guido Lang.-- bTaylor and Francis Group  c2018 apages 214-220, 2018 aJournal of Computer Inforamation Systemv58(3) aEmployers survey aHard skills aIS curruculum aSoft skills c361727d361727 001040aCLbCLd2019-04-27l0r2019-04-27 00:00:00w2019-04-27ySE